Ombak samudera

Bibliographic Details
Main Author: Arena Wati (Author)
Format: Book
Language:Malay
Published: Kuala Lumpur : Dewan Bahasa dan Pustaka 1992
Subjects:

MARC

LEADER 00000cam a2200000 7i4500
001 0000001532
005 20240924.0
008 991126 my may
020 |a 9836228373 
040 |a INS   |b eng   |e rda 
090 0 0 |a PL5136   |b .A74 1992 
100 0 |a Arena Wati ,   |e author 
245 1 0 |a Ombak samudera   |c Arena Wati 
264 4 |a Kuala Lumpur :   |b Dewan Bahasa dan Pustaka   |c 1992 
300 |a viii, 309 pages ;   |c 21 cm. 
336 |a text  |2 rdacontent 
337 |a unmediated  |2 rdamedia 
338 |a volume  |2 rdacarrier 
650 0 |a Malay fiction 
650 0 |a Short stories, Malay 
999 |a 0000004885   |b BOOK   |c Open Shelf   |e Default branch 
999 |a 0000006188   |b BOOK   |c Open Shelf   |e Default branch